00417nam a2200169Ia 4500008004100000020001800041245002200059245005000081260001500131260001600146260000900162300001400171300002500185300001000210500000800220999001900228170705s9999 xx 000 0 und d a9780590423045 aI hate English! / cEllen Levine ; illustrated by Steve Bjorkman. aNew York : bScholastic, c1989 aunpaged : bcolor illustration ; c21cm. a390 c336829d336829